Music Quiz

Random Music or Lyrics Quiz

'Divide' Lyrics Quiz Stats

 Plays Quiz not verified by Sporcle

Score 0/272 Timer 10:00
0 Plays Today
Answer % Correct
A
100%
a
100%
a
100%
we
94.1%
Why
94.1%
would
94.1%
we
94.1%
divide
94.1%
when
94.1%
we
94.1%
could
94.1%
and
94.1%
Why
94.1%
would
94.1%
we
94.1%
divide
94.1%
when
94.1%
we
94.1%
could
94.1%
we
94.1%
Why
94.1%
would
94.1%
we
94.1%
divide
94.1%
when
94.1%
we
94.1%
could
94.1%
and
94.1%
Why
94.1%
would
94.1%
we
94.1%
divide
94.1%
when
94.1%
we
94.1%
could
94.1%
Why
94.1%
would
94.1%
we
94.1%
divide
94.1%
when
94.1%
we
94.1%
could
94.1%
we
94.1%
and
94.1%
Why
94.1%
would
94.1%
we
94.1%
divide
94.1%
when
94.1%
we
94.1%
could
94.1%
the
88.2%
window
88.2%
the
88.2%
the
88.2%
the
88.2%
the
88.2%
to
88.2%
the
88.2%
do
88.2%
come
88.2%
together?
88.2%
Just
88.2%
lost
88.2%
found
88.2%
each
88.2%
other
88.2%
come
88.2%
together?
88.2%
the
88.2%
the
88.2%
to
88.2%
the
88.2%
do
88.2%
come
88.2%
together?
88.2%
Just
88.2%
lost
88.2%
found
88.2%
each
88.2%
other
88.2%
come
88.2%
together?
88.2%
the
88.2%
window
88.2%
the
88.2%
window
88.2%
come
88.2%
together?
88.2%
just
88.2%
Lost
88.2%
Answer % Correct
found
88.2%
each
88.2%
other
88.2%
come
88.2%
together?
88.2%
the
88.2%
window
88.2%
the
88.2%
window
88.2%
Roll
82.4%
down,
82.4%
bodies
82.4%
that
82.4%
collide,
82.4%
So
82.4%
don't
82.4%
don't
82.4%
leave
82.4%
me
82.4%
alone
82.4%
Don't
82.4%
leave
82.4%
me
82.4%
alone,
82.4%
don't
82.4%
leave
82.4%
me
82.4%
alone
82.4%
Don't
82.4%
bodies
82.4%
that
82.4%
collide,
82.4%
So
82.4%
don't
82.4%
don't
82.4%
leave
82.4%
me
82.4%
alone
82.4%
Don't
82.4%
leave
82.4%
me
82.4%
alone,
82.4%
don't
82.4%
leave
82.4%
me
82.4%
alone
82.4%
So
82.4%
roll
82.4%
down,
82.4%
Roll
82.4%
down,
82.4%
bodies
82.4%
that
82.4%
collide?
82.4%
So
82.4%
don't
82.4%
don't
82.4%
leave
82.4%
me
82.4%
alone
82.4%
Don't
82.4%
leave
82.4%
me
82.4%
alone,
82.4%
don't
82.4%
leave
82.4%
me
82.4%
alone
82.4%
Roll
82.4%
down,
82.4%
Roll
82.4%
down,
82.4%
let
76.5%
night
76.5%
us
76.5%
I
76.5%
this
76.5%
let
76.5%
us
76.5%
I
76.5%
this
76.5%
let
76.5%
go
76.5%
this
76.5%
Go
76.5%
this,
76.5%
go
76.5%
this
76.5%
let
76.5%
go
76.5%
this
76.5%
Answer % Correct
Go
76.5%
this,
76.5%
go
76.5%
this
76.5%
Are
76.5%
let
76.5%
go
76.5%
this
76.5%
Go
76.5%
this,
76.5%
go
76.5%
this
76.5%
let
76.5%
go
76.5%
this
76.5%
Go
76.5%
this,
76.5%
go
76.5%
this
76.5%
you
70.6%
in
70.6%
In
70.6%
you
70.6%
in
70.6%
In
70.6%
you
70.6%
in
70.6%
won't
70.6%
you
70.6%
like
70.6%
like
70.6%
like
70.6%
won't
70.6%
you
70.6%
like
70.6%
like
70.6%
like
70.6%
won't
70.6%
you
70.6%
like
70.6%
like
70.6%
like
70.6%
won't
70.6%
you
70.6%
like
70.6%
like
70.6%
like
70.6%
air
64.7%
round
64.7%
as
64.7%
divides
64.7%
these
64.7%
days,
64.7%
push
64.7%
limit
64.7%
offer
64.7%
There's
64.7%
riot
64.7%
my
64.7%
head,
64.7%
demanding
64.7%
forever
64.7%
these
64.7%
days,
64.7%
push
64.7%
limit
64.7%
offer
64.7%
There's
64.7%
riot
64.7%
my
64.7%
head,
64.7%
demanding
64.7%
forever
64.7%
darker
58.8%
darker
58.8%
blow
52.9%
love
52.9%
love
52.9%
breeze
47.1%
around,
47.1%
chaos
47.1%
Looking
41.2%
back
41.2%
before
41.2%
sadness
35.3%
glamorize
35.3%
destroy
35.3%
everything
35.3%
summer
29.4%
nights
29.4%

You're not logged in!

Compare scores with friends on all Sporcle quizzes.
OR
Log In

Sporcle TV

Today on Sporcle TV


Watch our educational content, quiz creation guides, and fun videos on Sporcle TV.

Show Comments

Extras

Top Quizzes Today


Score Distribution

Your Account Isn't Verified!

In order to create a playlist on Sporcle, you need to verify the email address you used during registration. Go to your Sporcle Settings to finish the process.

Report this User

Report this user for behavior that violates our Community Guidelines.

Details: